| 000 | 00692nas a2200217 4500 | ||
|---|---|---|---|
| 003 | OSt | ||
| 005 | 20180717174025.0 | ||
| 008 | 031124c2000 sp uu p 0uuua0mul | ||
| 035 | _a(OCoLC)436805613 | ||
| 040 |
_aBMC _cBMC |
||
| 082 | _a612.1 | ||
| 245 | 0 | 0 |
_aHypertension _cEdgard D. Fronhlich, Editor en chief _pnovember |
| 260 | 0 |
_aBarcelona _bLippincott Williams & Wilkins _c2000 |
|
| 300 |
_a[469-1131 ] p. _c30 cm |
||
| 490 |
_aHypertension _vV. 36, No. 4 |
||
| 505 | _aContiene: Genetic mapping.- Fetal and childhood growth.- | ||
| 546 | _aTexto en inglés | ||
| 650 | 2 | 4 |
_aCirculación sanguínea _9789 |
| 700 | 1 |
_942715 _aEdgard D. Fronhlich |
|
| 942 |
_2ddc _cPR _hprozim |
||
| 999 |
_c29501 _d29501 |
||